000 00444nam a2200157 4500
001 148668
003 ES-MaACL
005 20230906202745.0
007 t|
008 070214s1970 sp r ||||1| spa d
100 1 _aSuárez González, Rosario.
_9108628
245 1 0 _aManual de cocina /
_cRosario Suárez González.
260 _aOviedo :
_b`La Nueva España`,
_c1970.
300 _a50 p. ;
_c22 cm.
852 _aES-MaACL
_j2077-F-11
_bR.75603
999 _c148668
_d148668